00523 2200193 4500001002100000005001500021035002000036007000300056008004100059020002200100082001200122084001900134100001700153245006300170250001100233260003800244300003200282650001500314INLIS00000000000205020260228084509 a0010-0226000060ta260228 g 0 ind  a978-979-013-092-0 a658.401 a658.401 AND w0 aAndrea Molly1 aWork Happy :bKerja Nikmat, Karier Melesat /cAndrea Molly aCet. 1 aJakarta :bRaih Asa Sukses,c2010 axi + 252 hlm. ;c14 x 20 cm aWork Happy